| Tag |
First Indicator |
Second Indicator |
Subfields |
| LEADER |
00000cam a2200000 4500 |
| 001 |
in00002784942 |
| 005 |
20150922151643.0 |
| 008 |
701030s1970 dcuab b 001 0 eng |
| 010 |
|
|
|a 77606259
|
| 035 |
|
|
|a (OCoLC)ocm00099177
|
| 035 |
|
|
|a (OCoLC)99177
|
| 040 |
|
|
|a DLC
|c DLC
|d IAS
|d OCLCQ
|d BTCTA
|d BUF
|d UtOrBLW
|
| 043 |
|
|
|a n-us-ca
|
| 049 |
|
|
|a TXAM
|
| 050 |
0 |
4 |
|a QE75
|b .P9 no. 642
|
| 051 |
|
|
|a QE808
|b .A35
|c Copy 2.
|
| 082 |
0 |
4 |
|a 550/.8 s
|
| 086 |
0 |
|
|a I 19.16:642
|
| 100 |
1 |
|
|a Addicott, Warren O.
|
| 245 |
1 |
0 |
|a Miocene gastropods and biostratigraphy of the Kern River area, California /
|c by W.O. Addicott.
|
| 264 |
|
1 |
|a Washington :
|b U.S. Govt. Print. Off,
|c 1970.
|
| 300 |
|
|
|a iv, 174 pages, 45 unnumbered pages :
|b illustrations, maps. ;
|c 29 cm.
|
| 336 |
|
|
|a text
|b txt
|2 rdacontent
|
| 337 |
|
|
|a unmediated
|b n
|2 rdamedia
|
| 338 |
|
|
|a volume
|b nc
|2 rdacarrier
|
| 490 |
1 |
|
|a Geological Survey professional paper 642
|
| 500 |
|
|
|a "Systematic description and stratigraphic distribution of 182 early and middle Miocene taxa."
|
| 504 |
|
|
|a Bibliography: pages 155-163.
|
| 650 |
|
0 |
|a Gastropoda, Fossil
|z California
|z Kern County.
|
| 650 |
|
0 |
|a Paleontology
|y Miocene.
|
| 650 |
|
0 |
|a Paleontology
|z California
|z Kern County.
|
| 830 |
|
0 |
|a Geological Survey professional paper ;
|v 642.
|
| 948 |
|
|
|a cataloged
|b h
|c 2012/11/28
|d c
|e mvaldespin
|f 02:35:16 pm
|
| 994 |
|
|
|a C0
|b TXA
|
| 999 |
|
|
|a MARS
|
| 999 |
f |
f |
|s c410cb66-02ca-3bac-9bcd-94b7b8d91e6f
|i 514a2f8d-b1ce-3666-97e9-fdefe343ab8a
|t 0
|
| 952 |
f |
f |
|p normal
|a Texas A&M University
|b College Station
|c Sterling C. Evans Library
|d Evans: US Documents (Annex 5th floor)
|t 0
|e I 19.16:642-643A-H
|h Superintendent of Documents classification
|i unmediated -- volume
|m A14839369080
|
| 952 |
f |
f |
|a Texas A&M University
|b College Station
|c Sterling C. Evans Library
|d Evans: US Documents (Annex 5th floor)
|t 0
|e I 19.16:642-643A-H
|h Superintendent of Documents classification
|
| 998 |
f |
f |
|a I 19.16:642-643A-H
|t 0
|l Evans: US Documents (Annex 5th floor)
|